Civil Engineering Drawing (Record no. 154332)

MARC details
000 -LEADER
fixed length control field 00444nam a2200193Ia 4500
008 - FIXED-LENGTH DATA ELEMENTS--GENERAL INFORMATION
fixed length control field 240823s9999||||xx |||||||||||||| ||und||
082 ## - DEWEY DECIMAL CLASSIFICATION NUMBER
-- 624.0221 N6
100 ## - MAIN ENTRY--PERSONAL NAME
Personal name Malik R S
245 #0 - TITLE STATEMENT
Title Civil Engineering Drawing
250 ## - EDITION STATEMENT
Edition statement 4th-Re
260 ## - PUBLICATION, DISTRIBUTION, ETC. (IMPRINT)
Date of publication, distribution, etc 1996
Name of publisher, distributor, etc "New Asian,Delhi"
500 ## - GENERAL NOTE
General note TRANSFERED
650 ## - SUBJECT ADDED ENTRY--TOPICAL TERM
Topical term or geographic name as entry element Drawing
700 ## - ADDED ENTRY--PERSONAL NAME
Personal name Meo G S
942 ## - ADDED ENTRY ELEMENTS (KOHA)
Item type Books
Holdings
Withdrawn status Lost status Damaged status Permanent location Current location Shelving location Date acquired Source of acquisition Cost, normal purchase price Full call number Barcode Date last seen Koha item type
      CENTRAL LIBRARY, NOORUL ISLAM CENTRE FOR HIGHER EDUCATION CENTRAL LIBRARY, NOORUL ISLAM CENTRE FOR HIGHER EDUCATION   05/09/2003 "Higginbothams Private Ltd, Tirunelveli" 76.00 624.0221 N6 10164 08/23/2024 Books
Visitors:
Copyright © 2024 Central Library NICHE.  All rights reserved.